| 000 | 00920nas a2200301 4500 | ||
|---|---|---|---|
| 001 | BR0904567 | ||
| 003 | BR-BrBNA | ||
| 005 | 20231205113333.0 | ||
| 007 | ta | ||
| 008 | 230509b bl.|||p| |||| 00| 00por d | ||
| 040 |
_aBR-BrBNA _bpor _cBiblioteca Nacional de Agricultura |
||
| 041 | _a(Pt) | ||
| 072 | _aU10 | ||
| 100 | 1 | _aRolim, G. de S. | |
| 100 | 1 | _aRibeiro, R.V. | |
| 100 | 1 | _aAzevedo, F.A. de | |
| 100 | 1 | _aCamargo, M.B.P. de | |
| 100 | 1 | _aMachado, E.C. | |
| 245 | 1 | _aPrevisão do número de frutos a partir da quantidade de estruturas reprodutivas em laranjeiras | |
| 650 | _aLARANJA | ||
| 650 | _aMODELO MATEMÁTICO | ||
| 650 | _aCONDIÇÃO AMBIENTAL | ||
| 650 | _aLIMÃO CRAVO | ||
| 650 | _aSÃO PAULO | ||
| 773 | 0 |
_tRevista Brasileira de Fruticultura (Brazil) _xISSN 0100 2945 _g(Mar 2008), v. 30(1) p. 48-53 _wBR0904567 |
|
| 909 |
_a202311 _bLúcia _c55 _dLúcia Elande |
||
| 942 |
_2AGRIS _n0 _cANA |
||
| 999 |
_c203218 _d203218 |
||